Word Describer: Countries - Statistics

General Stats
  • This quiz has been taken 12 times
  • The average score is 9 of 12
Answer Stats
Hint Answer % Correct
Jungle,Football,Beach Brazil
100%
Noodles,Warriors,Pottery China
100%
Cricket,Curry,Tigers India
100%
Hamburgers,Basketball,Eagles United States Of America
100%
Volcanoes,Finance,Glaciers Iceland
92%
Rugby,Potatoes,Harps Ireland
92%
Deserts,Snakes,Cricket Australia
83%
Sheep,Cheese,Birds New Zealand
83%
Meatballs, Furniture, Music Sweden
83%
Coconuts,Rugby,Beaches Fiji
42%
Jungle,Baboons,Soccer Democratic Republic Of The Congo
25%
Horses,Huts,Landlocked Lesotho
8%
No matching quizzes found
Score Distribution
Percent of People with Each Score
Percentile by Number Answered
Your Score History
You have not taken this quiz